000
00314nam a22001457a 4500
008
230522b ||||| |||| 00| 0 eng d
020
_a
9782012031111
041
_a
FRA
080
_a
82
082
_a
82MAR
100
_a
38
101
_a
GJL
245
_a
UN MONDE POUR CLARA
_c
MARCASTEL .L-J
942
_2
udc
_c
BK
999
_c
59783
_d
59783